Największe metropolie Afryki - Statystyki

Ogólne statystyki
  • Ten quiz został rozwiązany 38 razy
  • Średni wynik to 6 z 7
Statystyki odpowiedzi
Kraj Miasto % Poprawnych
Egipt Kair
100%
Tunezja Tunis
100%
Algieria Algier
97%
RPA Johannesburg
91%
Kenia Nairobi
91%
RPA Kapsztad
89%
Tanzania Dar el Salaam
0%
Nie znaleziono quizów pasujących do podanych kryteriów
Rozkład punktacji
Procent ludzi z każdym wynikiem
Percentyl według liczby udzielonych odpowiedzi
Twoja historia wyników
Nie rozwiązałeś tego quizu